LEADER 01294nam a2200265 i 4500 001 000000164288 003 CaOOAMICUS 005 20161206000000.0 008 161206s2007 it u000 u ita u 013 $a141655 020 $a88-86655-65-7 040 $aSeMil$bita 100 1 $aAntonello, Erminio.$0(OLS)http://semarc/name/23161 245 14$aUna mistica della carità Beata Giuseppina Nicoli :$bpercorso biografico spirituale /$cErminio Antonello ; Presentazione di Mons. Ottorino Pietro Alberti Arcivescovo emerito di Cagliari. 250 $a3. Ed. riveduta. 260 $aRoma :$bCLV-Edizioni Vincenziane,$c2007. 300 $a284 p., [16] p. di tav. :$bill. ;$c23 cm. 650 4$aNicoli, Giuseppina .$0(OLS)http://semarc/subject/23755 700 1 $aAlberti, Ottorino Pietro .$0(OLS)http://semarc/name/7332 850 $aSeMil 852 $aSeMil$W1$xVenegono$y1$m3G V 303$j115556$B115556$CSeMilBibl$Z2$F216689 $81 961 $aOmaggio: Gallivanone don Franco 996 $6020$a88-86655-65-7$9(OLS)http://semarc/number/150533 996 $6245$aUna mistica della carità Beata Giuseppina Nicoli :$bpercorso biografico spirituale$9(OLS)http://semarc/title/234388 996 $6260$aRoma :$bCLV-Edizioni Vincenziane$9(OLS)http://semarc/publisher/32090 LEADER 00761naa a2200145 i 4500 001 000000302115 003 CaOOAMICUS 005 20180831172735.0 008 180831n xx u000 u und u 013 $a9850 040 $aSeMil$bita 100 1 $aEsquerda Bifet, Juan,$c.$0(OLS)http://semarc/name/16704 245 10$aIdentidad apostólica :$btransfondo histórico de la carta de Juan P i... [et al.]. Burgos : Aldecoa, 1980. (Teología del Sacerdocio ;. 773 0 $tSacerdocio en el posconcilio.$dBurgos : Aldecoa, 1980.$kTeología del sacerdocio$z84-7009-084-4$w()35919 996 $6245$aIdentidad apostólica :$btransfondo histórico de la carta de Juan P i... [et al.]. Burgos : Aldecoa, 1980. (Teología del Sacerdocio ;$9(OLS)http://semarc/title/378100